<?xml version="1.0" encoding="UTF-8"?>
<marc:record xmlns:marc="http://www.loc.gov/MARC21/slim">
   <marc:leader>00000nam a2200000 a 4500</marc:leader>
   <marc:datafield ind1="1" ind2=" " tag="100">
      <marc:subfield code="a">Suchanek, Andreas</marc:subfield>
      <marc:subfield code="4">aut</marc:subfield>
      <marc:subfield code="e">Verfasser/-in</marc:subfield>
   </marc:datafield>
   <marc:datafield ind1="0" ind2="0" tag="245">
      <marc:subfield code="a">Magic Island: Auf geheimen Schwingen (Magic Island, Bd. 3)</marc:subfield>
   </marc:datafield>
   <marc:datafield ind1="0" ind2="0" tag="245">
      <marc:subfield code="b">Ein actionreiches Abenteuer über Seelentiere, Magie und Freundschaft</marc:subfield>
   </marc:datafield>
   <marc:datafield ind1=" " ind2="1" tag="264">
      <marc:subfield code="b">Ueberreuter Verlag, Kinder- und Jugendbuch</marc:subfield>
      <marc:subfield code="c">2026</marc:subfield>
   </marc:datafield>
   <marc:datafield ind1="1" ind2=" " tag="490">
      <marc:subfield code="a">Magic Island</marc:subfield>
   </marc:datafield>
   <marc:datafield ind1="1" ind2=" " tag="520">
      <marc:subfield code="a">Tisaanah will Max aus der Gefangenschaft befreien, während der Krieg unerbittlich weiter tobt. Doch Max ist innerlich gebrochen und auch Aefe bangt um ihr Leben. Zu dritt halten sie das Schicksal der Welt in Händen . ihre Magie entscheidet über Frieden oder Zerstörung. War of Lost Hearts, Band 3.</marc:subfield>
   </marc:datafield>
   <marc:datafield ind1=" " ind2=" " tag="020">
      <marc:subfield code="a">9783764152765</marc:subfield>
      <marc:subfield code="9">9783764152765</marc:subfield>
   </marc:datafield>
</marc:record>
